00586nam a2200157 a 450000100100000000500170001000800410002704000250006824500940009326000530018730000200024071000370026004900090029795201050030699900170041100002890920200930055219.0110412s2006 dr 000 0 spa d aDO-SdBNPbspacBNPHU00aExtratos de las resoluciones de interés general de la Suprema Corte de Justicia 2005 /. aSanto domingo :bEditora Gaceta Judicila,c2006. a83 p. ;c22 cm.2 aSuprema Corte de Justicia935963 aBNPD 0010718PDaPDbPDcCTd2011-04-12iLF1l0o p28909-10r2020-06-25w2020-06-25yLFPDZNo se presta c28401d28401